| 000 | 00490cam a22001577a 4500 | ||
|---|---|---|---|
| 008 | 180718b1960 xxu||||| |||| 00| 0 eng d | ||
| 082 | _aN11 C573p | ||
| 100 | _aClausewitz, Carl Von | ||
| 245 |
_aPrinciples of war _cby Carl Von Clausewitz; edited by Hans W. Gatzke |
||
| 260 |
_aHarrisburg _bStockpole _c1960 |
||
| 300 | _a82p. | ||
| 500 | _aFirst Pub. 1942. Original ed. (German) pub. between 1832-37 | ||
| 650 | _aWar | ||
| 650 | _aMilitary Art and Science | ||
| 700 | _aGatzke, Hans W. | ||
| 999 |
_c362549 _d362549 |
||